Základné faktory a smery ďalšieho rozvoja vybraných medziodvetvových výrobných komplexov v ekonomike SSR Problémová štúdia k Prognóze ekonomického rozvoja SSR roku 2010

Enregistré dans:
Détails bibliographiques
Auteur principal: Tvrdoň, Jozef
Autres auteurs: Dančo, Ján
Format: Livre
Langue:slovaque
Publié: Bratislava Ekonomický ústav SAV 1988
Édition:1. vyd.
Sujets:
Tags: Ajouter un tag
Pas de tags, Soyez le premier à ajouter un tag!

MARC

LEADER 00000nam a2200000 4500
001 c002737
005 20240417123323.2
041 0 |a slo 
044 |a SK 
245 1 0 |a Základné faktory a smery ďalšieho rozvoja vybraných medziodvetvových výrobných komplexov v ekonomike SSR  |b Problémová štúdia k Prognóze ekonomického rozvoja SSR roku 2010  |c Jozef Tvrdoň, Ján Dančo 
250 |a 1. vyd. 
264 1 |a Bratislava  |b Ekonomický ústav SAV  |c 1988 
300 |a 91 s. 
610 2 0 |a rozvoj hospodársky 
610 2 0 |a Slovensko 
610 2 0 |a prognózy hospodárske 
610 2 0 |a rozvoj vedeckotechnický 
610 2 0 |a komplex poľnohospodársko-potravinársky 
610 2 0 |a intenzifikácia výroby 
610 2 0 |a priemysel chemický 
610 2 0 |a priemysel gumársky 
610 2 0 |a priemysel ľahký 
100 1 |a Tvrdoň, Jozef 
700 1 |a Dančo, Ján